<?xml version="1.0" encoding="UTF-8"?>
<collection xmlns="http://www.loc.gov/MARC21/slim">
 <record>
  <leader>01712nam a22002657a 4500</leader>
  <controlfield tag="001">NCT_63318</controlfield>
  <controlfield tag="008">180913b        xxu||||| |||| 00| 0 vie d</controlfield>
  <datafield tag="999" ind1=" " ind2=" ">
   <subfield code="c">3063</subfield>
   <subfield code="d">3063</subfield>
  </datafield>
  <datafield tag="020" ind1=" " ind2=" ">
   <subfield code="a">9786048224608</subfield>
   <subfield code="c">86000</subfield>
  </datafield>
  <datafield tag="082" ind1="0" ind2="4">
   <subfield code="2">23rd ed.</subfield>
   <subfield code="a">693.54</subfield>
   <subfield code="b">H523</subfield>
  </datafield>
  <datafield tag="100" ind1="1" ind2=" ">
   <subfield code="a">Nguyễn Xuân Huy</subfield>
   <subfield code="e">Chủ biên</subfield>
  </datafield>
  <datafield tag="245" ind1="1" ind2="0">
   <subfield code="a">Tính toán kết cấu liên hợp thép - bê tông cốt thép theo tiêu chuẩn Eurocode 4</subfield>
   <subfield code="c">Nguyễn Xuân Huy (chủ biên) ; Nguyễn Hoàng Quân</subfield>
  </datafield>
  <datafield tag="250" ind1=" " ind2=" ">
   <subfield code="a">Tái bản</subfield>
  </datafield>
  <datafield tag="260" ind1=" " ind2=" ">
   <subfield code="a">H.</subfield>
   <subfield code="b">Xây dựng</subfield>
   <subfield code="c">2018</subfield>
  </datafield>
  <datafield tag="300" ind1=" " ind2=" ">
   <subfield code="a">163 tr.</subfield>
   <subfield code="b">hình vẽ, bảng</subfield>
   <subfield code="c">27cm</subfield>
  </datafield>
  <datafield tag="520" ind1="3" ind2=" ">
   <subfield code="a">Nội dung sách giới thiệu việc tính toán kết cấu liên hợp thép - BTCT theo tiêu chuẩn châu Âu Eurocode 4</subfield>
  </datafield>
  <datafield tag="653" ind1=" " ind2=" ">
   <subfield code="a">Kỹ thuật công trình xây dựng</subfield>
  </datafield>
  <datafield tag="700" ind1="1" ind2=" ">
   <subfield code="a">Nguyễn Hoàng Quân</subfield>
  </datafield>
  <datafield tag="942" ind1=" " ind2=" ">
   <subfield code="2">ddc</subfield>
   <subfield code="c">BK</subfield>
  </datafield>
  <datafield tag="952" ind1=" " ind2=" ">
   <subfield code="0">0</subfield>
   <subfield code="1">0</subfield>
   <subfield code="2">ddc</subfield>
   <subfield code="4">0</subfield>
   <subfield code="6">693_540000000000000_H523</subfield>
   <subfield code="7">0</subfield>
   <subfield code="9">16613</subfield>
   <subfield code="a">000001</subfield>
   <subfield code="b">000001</subfield>
   <subfield code="d">2019-04-18</subfield>
   <subfield code="o">693.54 H523</subfield>
   <subfield code="p">MD.15266</subfield>
   <subfield code="r">2019-04-18</subfield>
   <subfield code="v">86000.00</subfield>
   <subfield code="w">2019-04-18</subfield>
   <subfield code="y">BK</subfield>
  </datafield>
  <datafield tag="952" ind1=" " ind2=" ">
   <subfield code="0">0</subfield>
   <subfield code="1">0</subfield>
   <subfield code="2">ddc</subfield>
   <subfield code="4">0</subfield>
   <subfield code="6">693_540000000000000_H523</subfield>
   <subfield code="7">0</subfield>
   <subfield code="9">16614</subfield>
   <subfield code="a">000001</subfield>
   <subfield code="b">000001</subfield>
   <subfield code="d">2019-04-18</subfield>
   <subfield code="o">693.54 H523</subfield>
   <subfield code="p">MD.15267</subfield>
   <subfield code="r">2019-04-18</subfield>
   <subfield code="v">86000.00</subfield>
   <subfield code="w">2019-04-18</subfield>
   <subfield code="y">BK</subfield>
  </datafield>
  <datafield tag="952" ind1=" " ind2=" ">
   <subfield code="0">0</subfield>
   <subfield code="1">0</subfield>
   <subfield code="2">ddc</subfield>
   <subfield code="4">0</subfield>
   <subfield code="6">693_540000000000000_H523</subfield>
   <subfield code="7">0</subfield>
   <subfield code="9">16615</subfield>
   <subfield code="a">000001</subfield>
   <subfield code="b">000001</subfield>
   <subfield code="d">2019-04-18</subfield>
   <subfield code="o">693.54 H523</subfield>
   <subfield code="p">MD.15268</subfield>
   <subfield code="r">2019-04-18</subfield>
   <subfield code="v">86000.00</subfield>
   <subfield code="w">2019-04-18</subfield>
   <subfield code="y">BK</subfield>
  </datafield>
  <datafield tag="952" ind1=" " ind2=" ">
   <subfield code="0">0</subfield>
   <subfield code="1">0</subfield>
   <subfield code="2">ddc</subfield>
   <subfield code="4">0</subfield>
   <subfield code="6">693_540000000000000_H523</subfield>
   <subfield code="7">0</subfield>
   <subfield code="9">16616</subfield>
   <subfield code="a">000001</subfield>
   <subfield code="b">000001</subfield>
   <subfield code="d">2019-04-18</subfield>
   <subfield code="o">693.54 H523</subfield>
   <subfield code="p">MD.15269</subfield>
   <subfield code="r">2019-04-18</subfield>
   <subfield code="v">86000.00</subfield>
   <subfield code="w">2019-04-18</subfield>
   <subfield code="y">BK</subfield>
  </datafield>
  <datafield tag="952" ind1=" " ind2=" ">
   <subfield code="0">0</subfield>
   <subfield code="1">0</subfield>
   <subfield code="2">ddc</subfield>
   <subfield code="4">0</subfield>
   <subfield code="6">693_540000000000000_H523</subfield>
   <subfield code="7">0</subfield>
   <subfield code="9">16617</subfield>
   <subfield code="a">000001</subfield>
   <subfield code="b">000001</subfield>
   <subfield code="d">2019-04-18</subfield>
   <subfield code="o">693.54 H523</subfield>
   <subfield code="p">MD.15270</subfield>
   <subfield code="r">2019-04-18</subfield>
   <subfield code="v">86000.00</subfield>
   <subfield code="w">2019-04-18</subfield>
   <subfield code="y">BK</subfield>
  </datafield>
  <datafield tag="980" ind1=" " ind2=" ">
   <subfield code="a">Thư viện Trường Đại học Nam Cần Thơ</subfield>
  </datafield>
 </record>
</collection>
